Инновационные материалы и технологии в дизайне (Запись № 11503295)

Подробности
000 -МАРКЕР
контрольное поле 02244nam0a2200373 4500
001 - ИДЕНТИФИКАТОР ЗАПИСИ
контрольное поле RU\NLR\BIBL_A\011400176
005 - ИДЕНТИФИКАТОР ВЕРСИИ
контрольное поле 20241103102244.0
010 ## - МЕЖДУНАРОДНЫЙ СТАНДАРТНЫЙ НОМЕР КНИГИ (ISBN)
Номер (ISBN) 9785947602340
Тираж 500
021 ## - НОМЕР ГОСУДАРСТВЕННОЙ РЕГИСТРАЦИИ
Код страны Российская Федерация
Номер 2017-35614
Номер Листа государственной регистраци 2610
035 ## - ДРУГИЕ СИСТЕМНЫЕ НОМЕРА
Идентификатор записи (RuMoRGB)008885260
035 ## - ДРУГИЕ СИСТЕМНЫЕ НОМЕРА
Идентификатор записи (NLR Aleph) 011400176
100 ## - ДАННЫЕ ОБЩЕЙ ОБРАБОТКИ
Данные общей обработки 20170606d2017 k y0rusy50 ca
101 0# - ЯЗЫК РЕСУРСА
Язык текста, звукозаписи и т.д. русский
102 ## - СТРАНА ПУБЛИКАЦИИ ИЛИ ПРОИЗВОДСТВА
Страна публикации Российская Федерация
105 ## - ПОЛЕ КОДИРОВАННЫХ ДАННЫХ: ТЕКСТОВЫЕ МАТЕРИАЛЫ, МОНОГРАФИЧЕСКИЕ
Кодированные данные о монографическом текстовом документе ac z 100zy
200 1# - ЗАГЛАВИЕ И СВЕДЕНИЯ ОБ ОТВЕТСТВЕННОСТИ
Основное заглавие Инновационные материалы и технологии в дизайне
Сведения, относящиеся к заглавию III Всероссийская научно-техническая конференция с участием молодых ученых, 23, 24 марта 2017 г.
-- тезисы докладов
Первые сведения об ответственности [редакционная коллегия: д-р техн. наук, проф. Бабкин О. Э. (отв. ред.) и др.]
210 ## - ПУБЛИКАЦИЯ, РАСПРОСТРАНЕНИЕ И ДР.
Место издания, распространения и т.д. Санкт-Петербург
Имя издателя, распространителя и т. д. СПбГИКиТ
Дата издания, распространения и т.д. 2017
215 ## - ФИЗИЧЕСКАЯ ХАРАКТЕРИСТИКА
Специфическое обозначение материала и объем 136 с.
Другие сведения о физической характеристике ил., цв. портр.
Размеры 29
300 ## - ОБЩИЕ ПРИМЕЧАНИЯ
Текст примечания В надзаг.: С.-Петерб. гос. ин-т кино и телевидения, Белгород. гос. технол. ун-т им. В.Г. Шухова, С.-Петерб. гос. технол. ин-т (Техн. ун-т) [и др.]
320 ## - ПРИМЕЧАНИЯ О НАЛИЧИИ В ДОКУМЕНТЕ БИБЛИОГРАФИИ / УКАЗАТЕЛЯ
Текст примечания Библиогр. в конце ст.
606 ## - НАИМЕНОВАНИЕ ТЕМЫ КАК ПРЕДМЕТ
Наименование темы Художественное конструирование
Формальный подзаголовок Съезды, совещания и т.п
Системный номер авторитетной/нормативной записи 1086244
Идентификатор авторитетной/нормативной записи RU\NLR\AUTH\66106392
606 ## - НАИМЕНОВАНИЕ ТЕМЫ КАК ПРЕДМЕТ
Наименование темы Материаловедение
Формальный подзаголовок Съезды, совещания и т.п
Системный номер авторитетной/нормативной записи 1112107
Идентификатор авторитетной/нормативной записи RU\NLR\AUTH\66119709
686 ## - ИНДЕКСЫ ДРУГИХ КЛАССИФИКАЦИЙ
Индекс Ж3я431(2)
Код системы
686 ## - ИНДЕКСЫ ДРУГИХ КЛАССИФИКАЦИЙ
Индекс Ж6я431(2)
Код системы
686 1# - ИНДЕКСЫ ДРУГИХ КЛАССИФИКАЦИЙ
Индекс Щ129.05я431
686 1# - ИНДЕКСЫ ДРУГИХ КЛАССИФИКАЦИЙ
Индекс Ж3я431(2)
702 #1 - ИМЯ ЛИЦА - ВТОРИЧНАЯ ОТВЕТСТВЕННОСТЬ
Начальный элемент ввода Бабкин
Часть имени, кроме начального элемента ввода О. Э.
Расширение инициалов личного имени Олег Эдуардович
Код отношения Редактор
711 12 - НАИМЕНОВАНИЕ ОРГАНИЗАЦИИ - АЛЬТЕРНАТИВНАЯ ОТВЕТСТВЕННОСТЬ
Начальный элемент ввода "Инновационные материалы и технологии в дизайне", всероссийская научно-техническая конференция с участием молодых ученых
Порядковый номер временной организации и / или порядковый номер ее части 3
Место проведения временной организации Санкт-Петербург
Дата проведения временной организации 2017
Системный номер авторитетной/нормативной записи 559619
Идентификатор авторитетной/нормативной записи RU\NLR\AUTH\880448021
942 ## - ДОПОЛНИТЕЛЬНЫЕ ЭЛЕМЕНТЫ ЗАПИСИ (АБИС)
Тип экземпляра АБИС Книга
980 ## - КОЛЛЕКЦИЯ
Название коллекции НБР

Нет доступных экземпляров.